| 000 | 01685cam a22004454i 4500 | ||
|---|---|---|---|
| 003 | PE-LiUPU | ||
| 005 | 20250731165414.0 | ||
| 008 | 151125s2010 pe grm 000 0 spa d | ||
| 035 | _a(Sirsi) a155254 | ||
| 040 |
_aPE-LiUPU _bspa _cPE-LiUPU _erda |
||
| 099 |
_aSP 3 _bC11 2010 |
||
| 100 | 1 |
_aCahuana Quispe, Sonia _eautor |
|
| 245 | 1 |
_aImpacto del Programa "Hierro es mi vida" para gestantes adolescentes con riesgo de anemia ferropenica, atendidas en el centro de salud de Lluyllucucha, Distrito de Moyobamba, Perú 2006 / _cSonia Cahuana Quispe. |
|
| 264 | 0 | _c2010 | |
| 300 |
_a91 hojas _c30 cm |
||
| 336 |
_atext _2rdacontent |
||
| 337 |
_aunmediated _2rdamedia |
||
| 338 |
_avolume _2rdacarrier |
||
| 502 |
_aTesis _b(Mg.) -- _cUniversidad Peruana Unión, _d2010. |
||
| 504 | _aIncluye referencias | ||
| 520 | 3 | _aLa presente investigación tiene por objetivo "Determinar el impacto del programa ´Hierro es Vida´ en gestantes adolescentes, atendidas en el centro de salud Lluyllucucha, durante 3 meses: abril a junio del año 2006. La población estuvo conformada por 18 gestantes entre 13 y 20 años. | |
| 526 | _aSEG44 | ||
| 526 | _aSEG26 | ||
| 526 | _aP151 | ||
| 526 | _aP150 | ||
| 526 | _aP149 | ||
| 526 | _aP146 | ||
| 526 | _aP145 | ||
| 526 | _aP126 | ||
| 526 | _aP125 | ||
| 526 | _aP92 | ||
| 526 | _aP75 | ||
| 526 | _aP74 | ||
| 526 | _aP27 | ||
| 526 | _aP15 | ||
| 650 | 0 | 4 |
_aAnemia _xGestantes adolescentes _xLLuyllucucha(Moyobamba). |
| 596 | _a1 | ||
| 942 |
_2ddc _cTESIS |
||
| 999 |
_aSP 3 C11 2010 _wALPHANUM _c7937 _iT01189 _lCCODEBUL3 _mBUL _r1 _sY _tTESIS _u2015-11-25 _xPOSGRADO _PP82 _o.STAFF. Tesis _d7937 |
||
| 980 |
_81 _gALBERTO SANCHEZ Responsable de Automatización |
||